header

Emerging economy responses to the global financial crisis of 2007-09 (Record no. 215562)

MARC details
000 -LEADER
fixed length control field 01284nam a2200301Ia 4500
100 1# - MAIN ENTRY--AUTHOR NAME
Personal name Yehoue, Etienne B.
245 10 - TITLE STATEMENT
Title Emerging economy responses to the global financial crisis of 2007-09
260 ## - PUBLICATION, DISTRIBUTION, ETC. (IMPRINT)
Place of publication [Washington, D.C.] :
Name of publisher International Monetary Fund,
Year of publication 2009.
300 ## - PHYSICAL DESCRIPTION
Number of Pages 34 p. :
Other physical details ill.
490 1# - SERIES STATEMENT
Series statement IMF working paper ;
650 #0 - SUBJECT ADDED ENTRY--TOPICAL TERM
Topical Term Monetary policy.
Topical Term Banks and banking, Central.
856 40 - ELECTRONIC LOCATION AND ACCESS
Uniform Resource Identifier http://site.ebrary.com/lib/rucke/Doc?id=10364831

No items available.

© 2026 Rongo University
Contact us: librarian | system librarian | Rongo university